| 000 | 00612nam a2200193 i 4500 | ||
|---|---|---|---|
| 001 | 47668 | ||
| 003 | ES-MaACL | ||
| 007 | t| | ||
| 008 | 030513n18001899fr ||||1| fre d | ||
| 100 | 1 |
_aFournier, Narcisse. _951987 |
|
| 245 | 1 | 0 |
_aHarry-le-diable _b: drame historique en trois actes / _cpar N. Fournier et Meyer. |
| 260 |
_aParis : _bMichel Levy Freres, _c[18--] |
||
| 300 |
_a16 p. : _bil. ; _c32 cm. |
||
| 490 | 1 | _aThéatre contemporain illustré | |
| 700 | 1 |
_aMeyer, Henri-Horace. _980793 |
|
| 830 | 0 |
_aThéatre contemporain illustré _9191707 |
|
| 852 |
_aES-MaACL _jFol-Laf-6 |
||
| 999 |
_c47668 _d47668 |
||